NFL Conference Runners-Up - Statistics

General Stats
  • This quiz has been taken 334 times
    26 since last reset
  • The average score is 34 of 132
Answer Stats
Year, Conference Conference Champion Conference Championship Score Conference Runner-Up % Correct
2025, AFC New England Patriots 10 - 7 Denver Broncos
100%
2024, AFC Kansas City Chiefs 32 - 29 Buffalo Bills
94%
2025, NFC Seattle Seahawks 31 - 27 Los Angeles Rams
94%
2023, AFC Kansas City Chiefs 17 - 10 Baltimore Ravens
82%
2024, NFC Philadelphia Eagles 55 - 23 Washington Commanders
82%
2023, NFC San Francisco 49ers 34 - 31 Detroit Lions
76%
2022, AFC Kansas City Chiefs 23 - 20 Cincinnati Bengals
59%
2021, AFC Cincinnati Bengals 27 - 24 (OT) Kansas City Chiefs
59%
2022, NFC Philadelphia Eagles 31 - 7 San Francisco 49ers
59%
2019, AFC Kansas City Chiefs 35 - 24 Tennessee Titans
53%
2020, AFC Kansas City Chiefs 38 - 24 Buffalo Bills
47%
2020, NFC Tampa Bay Buccaneers 31 - 26 Green Bay Packers
47%
2021, NFC Los Angeles Rams 20 - 17 San Francisco 49ers
47%
2011, AFC New England Patriots 23 - 20 Baltimore Ravens
41%
2019, NFC San Francisco 49ers 37 - 20 Green Bay Packers
41%
2016, NFC Atlanta Falcons 44 - 21 Green Bay Packers
41%
2014, NFC Seattle Seahawks 28 - 22 (OT) Green Bay Packers
41%
2015, AFC Denver Broncos 20 - 18 New England Patriots
41%
2013, AFC Denver Broncos 26 - 16 New England Patriots
41%
2012, AFC Baltimore Ravens 28 - 13 New England Patriots
41%
2016, AFC New England Patriots 36 - 17 Pittsburgh Steelers
41%
2015, NFC Carolina Panthers 49 - 15 Arizona Cardinals
35%
2012, NFC San Francisco 49ers 28 - 24 Atlanta Falcons
35%
2008, AFC Pittsburgh Steelers 23 - 14 Baltimore Ravens
35%
2010, NFC Green Bay Packers 21 - 14 Chicago Bears
35%
2007, NFC New York Giants 23 - 20 (OT) Green Bay Packers
35%
2014, AFC New England Patriots 45 - 7 Indianapolis Colts
35%
2017, AFC New England Patriots 24 - 20 Jacksonville Jaguars
35%
2018, AFC New England Patriots 37 - 31 (OT) Kansas City Chiefs
35%
2017, NFC Philadelphia Eagles 38 - 7 Minnesota Vikings
35%
2009, NFC New Orleans Saints 31 - 28 (OT) Minnesota Vikings
35%
2006, AFC Indianapolis Colts 38 - 34 New England Patriots
35%
2018, NFC Los Angeles Rams 26 - 23 (OT) New Orleans Saints
35%
2013, NFC Seattle Seahawks 23 - 17 San Francisco 49ers
35%
2006, NFC Chicago Bears 39 - 14 New Orleans Saints
29%
2010, AFC Pittsburgh Steelers 24 - 19 New York Jets
29%
2009, AFC Indianapolis Colts 30 - 17 New York Jets
29%
2008, NFC Arizona Cardinals 32 - 25 Philadelphia Eagles
29%
2004, AFC New England Patriots 41 - 27 Pittsburgh Steelers
29%
2011, NFC New York Giants 20 - 17 (OT) San Francisco 49ers
29%
2005, NFC Seattle Seahawks 34 - 14 Carolina Panthers
24%
1988, NFC San Francisco 49ers 28 - 3 Chicago Bears
24%
1994, NFC San Francisco 49ers 38 - 28 Dallas Cowboys
24%
1981, NFC San Francisco 49ers 28 - 27 Dallas Cowboys
24%
1973, NFC Minnesota Vikings 27 - 10 Dallas Cowboys
24%
1972, NFC Washington Redskins 26 - 3 Dallas Cowboys
24%
2005, AFC Pittsburgh Steelers 34 - 17 Denver Broncos
24%
1991, AFC Buffalo Bills 10 - 7 Denver Broncos
24%
1995, NFC Dallas Cowboys 38 - 27 Green Bay Packers
24%
2003, NFC Carolina Panthers 14 - 3 Philadelphia Eagles
24%
2002, NFC Tampa Bay Buccaneers 27 - 10 Philadelphia Eagles
24%
2001, NFC St. Louis Rams 29 - 24 Philadelphia Eagles
24%
2001, AFC New England Patriots 24 - 17 Pittsburgh Steelers
24%
1997, AFC Denver Broncos 24 - 21 Pittsburgh Steelers
24%
1994, AFC San Diego Chargers 17 - 13 Pittsburgh Steelers
24%
1976, AFC Oakland Raiders 24 - 7 Pittsburgh Steelers
24%
1972, AFC Miami Dolphins 21 - 17 Pittsburgh Steelers
24%
2007, AFC New England Patriots 21 - 12 San Diego Chargers
24%
2002, AFC Oakland Raiders 41 - 24 Tennessee Titans
24%
2004, NFC Philadelphia Eagles 27 - 10 Atlanta Falcons
18%
1971, AFC Miami Dolphins 21 - 0 Baltimore Colts
18%
1988, AFC Cincinnati Bengals 21 - 10 Buffalo Bills
18%
1996, NFC Green Bay Packers 30 - 13 Carolina Panthers
18%
1984, NFC San Francisco 49ers 23 - 0 Chicago Bears
18%
1989, AFC Denver Broncos 37 - 21 Cleveland Browns
18%
1987, AFC Denver Broncos 38 - 33 Cleveland Browns
18%
1986, AFC Denver Broncos 23 - 20 (OT) Cleveland Browns
18%
1982, NFC Washington Redskins 31 - 17 Dallas Cowboys
18%
1980, NFC Philadelphia Eagles 20 - 7 Dallas Cowboys
18%
1967, NFL Green Bay Packers 21 - 17 Dallas Cowboys
18%
1966, NFL Green Bay Packers 34 - 27 Dallas Cowboys
18%
1991, NFC Washington Redskins 41 - 10 Detroit Lions
18%
1960, NFL Philadelphia Eagles 17 - 13 Green Bay Packers
18%
1978, AFC Pittsburgh Steelers 34 - 5 Houston Oilers
18%
1967, AFL Oakland Raiders 40 - 7 Houston Oilers
18%
2003, AFC New England Patriots 24 - 14 Indianapolis Colts
18%
1995, AFC Pittsburgh Steelers 20 - 16 Indianapolis Colts
18%
1999, AFC Tennessee Titans 33 - 14 Jacksonville Jaguars
18%
1996, AFC New England Patriots 20 - 6 Jacksonville Jaguars
18%
1993, AFC Buffalo Bills 30 - 13 Kansas City Chiefs
18%
1990, AFC Buffalo Bills 51 - 3 Los Angeles Raiders
18%
1989, NFC San Francisco 49ers 30 - 3 Los Angeles Rams
18%
1978, NFC Dallas Cowboys 28 - 0 Los Angeles Rams
18%
1976, NFC Minnesota Vikings 24 - 13 Los Angeles Rams
18%
1975, NFC Dallas Cowboys 37 - 7 Los Angeles Rams
18%
1974, NFC Minnesota Vikings 14 - 10 Los Angeles Rams
18%
1992, AFC Buffalo Bills 29 - 10 Miami Dolphins
18%
2000, NFC New York Giants 41 - 0 Minnesota Vikings
18%
1998, NFC Atlanta Falcons 30 - 27 (OT) Minnesota Vikings
18%
1998, AFC Denver Broncos 23 - 10 New York Jets
18%
2000, AFC Baltimore Ravens 16 - 3 Oakland Raiders
18%
1975, AFC Pittsburgh Steelers 16 - 10 Oakland Raiders
18%
1974, AFC Pittsburgh Steelers 24 - 13 Oakland Raiders
18%
1973, AFC Miami Dolphins 27 - 10 Oakland Raiders
18%
1984, AFC Miami Dolphins 45 - 28 Pittsburgh Steelers
18%
1997, NFC Green Bay Packers 23 - 10 San Francisco 49ers
18%
1993, NFC Dallas Cowboys 38 - 21 San Francisco 49ers
18%
1992, NFC Dallas Cowboys 30 - 20 San Francisco 49ers
18%
1990, NFC New York Giants 15 - 13 San Francisco 49ers
18%
1999, NFC St. Louis Rams 11 - 6 Tampa Bay Buccaneers
18%
1979, NFC Los Angeles Rams 9 - 0 Tampa Bay Buccaneers
18%
1966, AFL Kansas City Chiefs 31 - 7 Buffalo Bills
12%
1969, NFL Minnesota Vikings 27 - 7 Cleveland Browns
12%
1965, NFL Green Bay Packers 23 - 12 Cleveland Browns
12%
1979, AFC Pittsburgh Steelers 27 - 13 Houston Oilers
12%
1962, AFL Dallas Texans 20 - 17 Houston Oilers
12%
1985, NFC Chicago Bears 24 - 0 Los Angeles Rams
12%
1985, AFC New England Patriots 31 - 14 Miami Dolphins
12%
1987, NFC Washington Redskins 17 - 10 Minnesota Vikings
12%
1977, NFC Dallas Cowboys 23 - 6 Minnesota Vikings
12%
1962, NFL Green Bay Packers 16 - 7 New York Giants
12%
1961, NFL Green Bay Packers 37 - 0 New York Giants
12%
1982, AFC Miami Dolphins 14 - 0 New York Jets
12%
1977, AFC Denver Broncos 20 - 17 Oakland Raiders
12%
1970, AFC Baltimore Colts 27 - 17 Oakland Raiders
12%
1969, AFL Kansas City Chiefs 17 - 7 Oakland Raiders
12%
1981, AFC Cincinnati Bengals 27 - 7 San Diego Chargers
12%
1980, AFC Oakland Raiders 34 - 27 San Diego Chargers
12%
1983, NFC Washington Redskins 24 - 21 San Francisco 49ers
12%
1971, NFC Dallas Cowboys 14 - 3 San Francisco 49ers
12%
1970, NFC Dallas Cowboys 17 - 10 San Francisco 49ers
12%
1986, NFC New York Giants 17 - 0 Washington Redskins
12%
1964, NFL Cleveland Browns 27 - 0 Baltimore Colts
6%
1963, AFL San Diego Chargers 51 - 10 Boston Patriots
6%
1968, NFL Baltimore Colts 34 - 0 Cleveland Browns
6%
1960, AFL Houston Oilers 24 - 16 Los Angeles Chargers
6%
1963, NFL Chicago Bears 14 - 10 New York Giants
6%
1968, AFL New York Jets 27 - 23 Oakland Raiders
6%
1965, AFL Buffalo Bills 23 - 0 San Diego Chargers
6%
1964, AFL Buffalo Bills 20 - 7 San Diego Chargers
6%
1961, AFL Houston Oilers 10 - 3 San Diego Chargers
6%
1983, AFC Los Angeles Raiders 30 - 14 Seattle Seahawks
0%
No matching quizzes found
Score Distribution
Percent of People with Each Score
Percentile by Number Answered
Your Score History
You have not taken this quiz since the last reset